LEADER 01182nam a2200289 a 4500 001 000000148170 003 CaOOAMICUS 005 20151215103542.0 008 151215s1992 fr c u000 u fre r 020 $a2204044687* 032 $aLibriCat 040 $aPUL$bita 245 00$aInterpréter :$bmèlanges offerts à Claude Geffré /$cétudes réunies par Jean-Pierre Jossua et Nicolas-Jean Séd. 260 $aParis :$bCerf,$c1992. 300 $a328 p. :$britr. ;$c22 cm. 504 $aBibliografia p. [303]-319. 650 4$aErmeneutica.$0(OLS)http://pul/subject/438 700 1 $aSéd, Nicolas.$0(OLS)http://pul/name/87008 700 1 $aGeffré, Claude.$0(OLS)http://pul/name/26788 700 1 $aJossua, Jean Pierre,$d1930-$0(OLS)http://pul/name/11897 850 $aPUL 852 $aPUL$W1$xDP1 Fondo Bordoni$y120$m3 C 59$j115151$qFondi$B172008$CPULBib$Z2$F172008 $HBor863 $81 941 1 $a1 996 $6020$a2204044687*$9(OLS)http://pul/number/159310 996 $6245$aInterpréter :$bmèlanges offerts à Claude Geffré$9(OLS)http://pul/title/186964 996 $6260$aParis :$bCerf$9(OLS)http://pul/publisher/48238 LEADER 01170nam a2200265 a 4500 001 000000158852 003 CaOOAMICUS 005 20170214174325.0 008 170214s1953 it m 001 u eng r 032 $aLibriCat 040 $aPUL$bita 100 1 $aCasey, Joseph H.$0(OLS)http://pul/name/101480 245 14$aThe notion of being in recent works of Etienne Gilson /$cJoseph H. Casey. 260 $aRomae :$b[s.n.],$c1953. 300 $aix, 35 p. ;$c25 cm. 502 $aEstratto di Tesi -- Pontificia Universitas Gregoriana. Facultas Philosophiae. 1953. 504 $aBibliografia in nota a piè pagina. 600 14$aGilson, Étienne ,$d1884-1978.$0(OLS)http://pul/subject/593 710 2 $aPontificia Università Gregoriana.$bFacoltà di filosofia.$kTesi.$0(OLS)http://pul/name/82053 850 $aPUL 852 $aPUL$W1$xDP1 Tesi Pon. Univ. Gregoriana$y40$mTH PUG 848$j182157$qTesi$B185344$CPULBib$Z2$F185344 $H17706 $82 941 1 $a16 996 $6245$aThe notion of being in recent works of Etienne Gilson$9(OLS)http://pul/title/198454 996 $6260$aRomae :$b[s.n.]$9(OLS)http://pul/publisher/48223